| 000 | 00773ngm a22003250a 4500 | ||
|---|---|---|---|
| 001 | PT16560 | ||
| 003 | AR-LpoUNG | ||
| 005 | 20210202000216.0 | ||
| 007 | vd cvaizq | ||
| 008 | 191001ss. f||||ag |||||||||||||||||spa d | ||
| 037 | _c$9.96 | ||
| 040 |
_aAR-LpoUNG _bspa _cAR-LpoUNG _eaacr |
||
| 041 | _aspa | ||
| 044 | _aag | ||
| 082 | 0 | _a982.063 796cor | |
| 245 | 1 | 3 | _aEl cordobazo |
| 260 |
_aBuenos Aires : _bs.e. _cs. f.. |
||
| 300 | _aVHS : son., col. | ||
| 650 | 4 | _aARGENTINA | |
| 650 | 4 | _aCONFLICTOS LABORALES | |
| 650 | 4 | _aCONFLICTOS POLITICOS | |
| 650 | 4 | _aCRISIS POLITICA | |
| 650 | 4 | _aHUELGAS | |
| 650 | 4 | _aMOVIMIENTOS OBREROS | |
| 650 | 4 | _aPROBLEMAS SOCIALES | |
| 653 | _aDOCUMENTALES | ||
| 653 | _aVIDEOS | ||
| 905 | _a16560 | ||
| 942 | _cVIDEO | ||
| 999 |
_c54344 _d54344 |
||